| Tag |
First Indicator |
Second Indicator |
Subfields |
| LEADER |
00000cam a2200000 a 4500 |
| 001 |
in00000012670 |
| 005 |
20151007051858.0 |
| 008 |
870709s1987 nyu 00110ceng d |
| 010 |
|
|
|a 86091575
|
| 020 |
|
|
|a 0345338901 (pbk.) :
|c $8.95
|
| 035 |
|
|
|a (OCoLC)16150075
|
| 035 |
|
|
|9 AAA5245AM
|
| 040 |
|
|
|a IEP
|c IEP
|d IGA
|d XBM
|d TXA
|d UtOrBLW
|
| 043 |
|
|
|a a-vt---
|
| 049 |
|
|
|a TXAM
|c [A11025808]
|
| 050 |
|
4 |
|a UB433
|b .M8 1987
|
| 100 |
1 |
|
|a Murphy, Edward F.,
|d 1947-
|
| 245 |
1 |
0 |
|a Vietnam Medal of Honor heroes /
|c Edward F. Murphy.
|
| 250 |
|
|
|a 1st ed.
|
| 264 |
|
1 |
|a New York :
|b Ballantine Books,
|c 1987.
|
| 300 |
|
|
|a xii, 289 pages :
|b illustrations, map ;
|c 23 cm.
|
| 336 |
|
|
|a text
|b txt
|2 rdacontent
|
| 337 |
|
|
|a unmediated
|b n
|2 rdamedia
|
| 338 |
|
|
|a volume
|b nc
|2 rdacarrier
|
| 500 |
|
|
|a Includes index.
|
| 650 |
|
0 |
|a Vietnam War, 1961-1975
|v Personal narratives, American.
|
| 650 |
|
0 |
|a Medal of Honor.
|
| 999 |
|
|
|a MARS
|
| 999 |
f |
f |
|s 3e91ddfc-a666-36fa-9660-141624ab6c42
|i 429adefd-f764-3249-bf24-4034e067d939
|t 0
|
| 952 |
f |
f |
|p normal
|a Texas A&M University
|b College Station
|c Sterling C. Evans Library
|d Evans: Library Stacks
|t 0
|e UB433 .M8 1987
|h Library of Congress classification
|i unmediated -- volume
|m A14811025808
|
| 998 |
f |
f |
|a UB433 .M8 1987
|t 0
|l Evans: Library Stacks
|